000 00667caa a22001572a 4500
001 009022
003 AR-FADEU
008 311216n########xxu####################dd
092 _a321.8
_bR425
100 _aBejarano, Ana María
245 _aCrisis de la política o crisis de la representación política?
300 _aPP. 93-120
500 _aEn: Representación política y democracia /comp. Carlota Jackisch. Buenos Aires : Ciedla. Centro Interdisciplinario de Estudios Sobre el Desarrollo Latinoamericano, 1998
942 _cBDGR
773 0 _014818
_913898
_a
_b
_dBuenos Aires
_o14264
_tREPRESENTACION política y democracia
_w( AR-FADEU) 009018
_x
_z950-9431-72-9
999 _c14822
_d14822